书目信息 |
| 题名: |
复变函数与积分变换
|
|
| 作者: | 杨巧林 主编 | |
| 分册: | ||
| 出版信息: | 北京 机械工业出版社 2013.8 |
|
| 页数: | 269页 | |
| 开本: | 24cm | |
| 丛书名: | ||
| 单 册: | ||
| 中图分类: | O174.5 , O177.6 | |
| 科图分类: | ||
| 主题词: | 复变函数--高等学校--教材 , 积分变换--高等学校--教材 , 复变函数 , 积分变换 | |
| 电子资源: | ||
| ISBN: | 978-7-111-43084-1 | |
| 000 | 01028nam0 2200313 450 | |
| 001 | 0400004100 | |
| 005 | 20171025162106.10 | |
| 010 | @a978-7-111-43084-1@dCNY37.00 | |
| 090 | @aO174@byql | |
| 100 | @a20140429e20172013em y0chiy50 ea | |
| 101 | 0 | @achi |
| 102 | @aCN@b110000 | |
| 105 | @ay z 000yy | |
| 106 | @ar | |
| 200 | 1 | @a复变函数与积分变换@9fu bian han shu yu ji fen bian huan@f杨巧林主编 |
| 205 | @a第3版 | |
| 210 | @a北京@c机械工业出版社@d2013.8@h2017.5 | |
| 215 | @a269页@d24cm | |
| 300 | @a普通高等教育“十一五”国家级规划教材 普通高等工科院校基础课规划教材 | |
| 330 | @a本书内容包括复数与复变函数、解析函数、复变函数的积分、级数、留数、保角映射、傅里叶变换和拉普拉斯变换等,每章末附有小结和自测题。 | |
| 606 | 0 | @a复变函数@x高等学校@j教材 |
| 606 | 0 | @a积分变换@x高等学校@j教材 |
| 606 | 0 | @a复变函数 |
| 606 | 0 | @a积分变换 |
| 690 | @aO174.5@v5 | |
| 690 | @aO177.6@v5 | |
| 701 | 0 | @a杨巧林@9yang qiao lin@f(1966~)@4主编 |
| 801 | 0 | @aCN@bNLC@c20171023 |
| 905 | @b1027891-5@dO174.5@f5@e228=3 | |
| 复变函数与积分变换/杨巧林主编.-第3版.-北京:机械工业出版社,2013.8(2017.5) |
| 269页;24cm |
| 普通高等教育“十一五”国家级规划教材 普通高等工科院校基础课规划教材 |
| ISBN 978-7-111-43084-1:CNY37.00 |
| 本书内容包括复数与复变函数、解析函数、复变函数的积分、级数、留数、保角映射、傅里叶变换和拉普拉斯变换等,每章末附有小结和自测题。 |
| ● |
| 相关链接 |
|
|
|
|
正题名:复变函数与积分变换
索取号:O174.5/228=3
 
预约/预借
| 序号 | 登录号 | 条形码 | 馆藏地/架位号 | 状态 | 备注 |
| 1 | 1027891 | 210278910 | 第二样本阅览室/ [索取号:O174.5/228=3] | 在馆 | |
| 2 | 1027892 | 210278929 | 数信系资料室/ [索取号:O174.5/228=3] | 在馆 | |
| 3 | 1027893 | 210278938 | 第三借阅区/ [索取号:O174.5/228=3] | 在馆 | |
| 4 | 1027894 | 210278947 | 第三借阅区/ [索取号:O174.5/228=3] | 在馆 | |
| 5 | 1027895 | 210278956 | 第三借阅区/ [索取号:O174.5/228=3] | 在馆 |